[Event "21st Sants Open 2019"]
[Site "Cotxeres de Sants"]
[Date "2019.08.24"]
[Round "2.16"]
[White "Moyano Barrero, Antoni"]
[Black "Morais Carreras, Javier"]
[Result "0-1"]
[WhiteElo "1760"]
[BlackElo "1939"]
[Annotator "NA"]
[PlyCount "110"]
[EventDate "2019.08.22"]
[EventType "swiss"]
[EventCountry "ESP"]
[SourceTitle "playchess.com"]
[Source "ChessBase"]
[SourceQuality "1"]
[TimeControl "40/5400+30:1800+30"]

1. e4 {[%emt 0:00:00]} e5 {[%emt 0:00:07]} 2. Nf3 {[%emt 0:00:00]} Nf6 {[%emt 0:00:07]} 3. Nxe5 {[%emt 0:00:00]} d6 {[%emt 0:00:08]} 4. Nf3 {[%emt 0:00:00]} Nxe4 {[%emt 0:00:07]} 5. Nc3 {[%emt 0:00:00]} Nxc3 {[%emt 0:00:09]} 6. dxc3 {[%emt 0:00:00]} Be7 {[%emt 0:00:09]} 7. Be3 {[%emt 0:00:04]} Nc6 {[%emt 0:01:03]} 8. Qd2 {[%emt 0:00:24]} Be6 {[%emt 0:00:12]} 9. Nd4 {[%emt 0:01:49]} Nxd4 {[%emt 0:01:43]} 10. Bxd4 {[%emt 0:00:07]} O-O {[%emt 0:01:57]} 11. c4 {[%emt 0:04:39]} Re8 {[%emt 0:05:07]} 12. O-O-O {[%emt 0:01:15]} Qd7 {[%emt 0:04:30]} 13. Qc3 {[%emt 0:01:53]} Bf8 {[%emt 0:00:50]} 14. h4 {[%emt 0:01:24]} Qa4 {[%emt 0:01:13]} 15. h5 {[%emt 0:09:35]} c5 {[%emt 0:04:04]} 16. Be3 {[%emt 0:14:18]} Qxa2 {[%emt 0:03:25]} 17. Bd3 {[%emt 0:07:27]} Be7 {[%emt 0:03:38]} 18. Qb3 {[%emt 0:07:40]} Qa1+ {[%emt 0:08:27]} 19. Kd2 {[%emt 0:00:10]} Qa5+ {[%emt 0:00:07]} 20. c3 {[%emt 0:02:26]} a6 {[%emt 0:02:16]} 21. Qc2 {[%emt 0:02:00]} h6 {[%emt 0:00:45]} 22. f3 {[%emt 0:04:53]} d5 {[%emt 0:01:07]} 23. Ra1 {[%emt 0:04:59]} Qd8 {[%emt 0:01:09]} 24. cxd5 {[%emt 0:00:42]} Qxd5 {[%emt 0:01:51]} 25. c4 {[%emt 0:04:09]} Qd6 {[%emt 0:01:43]} 26. Rad1 {[%emt 0:03:46]} Bf6 {[%emt 0:04:59]} 27. Kc1 {[%emt 0:03:05]} Qc7 {[%emt 0:00:56]} 28. Be4 {[%emt 0:01:03]} Rad8 {[%emt 0:04:49]} 29. g4 {[%emt 0:02:36]} Bd4 {[%emt 0:02:15]} 30. Bd2 {[%emt 0:01:25]} Bf6 {[%emt 0:08:30]} 31. Bc3 {[%emt 0:06:02]} Bxc3 {[%emt 0:01:36]} 32. Qxc3 {[%emt 0:00:17]} b5 {[%emt 0:01:32]} 33. cxb5 {[%emt 0:01:28]} axb5 {[%emt 0:00:15]} 34. Rxd8 {[%emt 0:02:02]} Rxd8 {[%emt 0:00:12]} 35. Rd1 {[%emt 0:02:41]} Rb8 {[%emt 0:07:15]} 36. Qe3 {[%emt 0:03:31]} Qa5 {[%emt 0:02:06]} 37. Bb1 {[%emt 0:01:58]} Qb4 {[%emt 0:01:29]} 38. Qe4 {[%emt 0:07:03]} Qxe4 {[%emt 0:00:16]} 39. Bxe4 {[%emt 0:00:02]} Kf8 {[%emt 0:00:40]} 40. Rd6 {[%emt 0:00:00]} Ke7 {[%emt 0:00:00]} 41. Rc6 {[%emt 0:05:03]} Rc8 {[%emt 0:02:47]} 42. Rb6 {[%emt 0:00:33]} b4 {[%emt 0:02:05]} 43. Kd2 {[%emt 0:01:00]} Rd8+ {[%emt 0:00:58]} 44. Kc2 {[%emt 0:02:03]} Rd4 {[%emt 0:03:40]} 45. Rc6 {[%emt 0:06:46]} c4 {[%emt 0:04:53]} 46. Rb6 {[%emt 0:02:12]} b3+ {[%emt 0:00:48]} 47. Kc3 {[%emt 0:01:46]} Rd1 {[%emt 0:00:43]} 48. Rb8 {[%emt 0:01:29]} Kf6 {[%emt 0:00:35]} 49. Rb5 {[%emt 0:00:43]} Re1 {[%emt 0:00:57]} 50. Rc5 {[%emt 0:00:44]} Re2 {[%emt 0:03:06]} 51. Rc6 {[%emt 0:08:24]} Ke5 {[%emt 0:02:36]} 52. Rxe6+ {[%emt 0:01:45]} fxe6 {[%emt 0:01:03]} 53. Kxc4 {[%emt 0:01:04]} Rxb2 {[%emt 0:01:28]} 54. Kc3 {[%emt 0:00:01]} Re2 {[%emt 0:00:20]} 55. Kd3 {[%emt 0:01:21]} Rxe4 {[%emt 0:00:47] Kd4+} 0-1

[Event "21st Sants Open 2019"]
[Site "Cotxeres de Sants"]
[Date "2019.08.24"]
[Round "2.17"]
[White "Castells Pagan, Raul"]
[Black "Garcia Ruiz, Adrian"]
[Result "1-0"]
[WhiteElo "1759"]
[BlackElo "1933"]
[Annotator "NA"]
[PlyCount "93"]
[EventDate "2019.08.22"]
[EventType "swiss"]
[EventCountry "ESP"]
[SourceTitle "playchess.com"]
[Source "ChessBase"]
[SourceQuality "1"]
[TimeControl "40/5400+30:1800+30"]

1. d4 {[%emt 0:00:00]} Nf6 {[%emt 0:22:09]} 2. Nf3 {[%emt 0:00:48]} g6 {[%emt 0:00:09]} 3. c4 {[%emt 0:00:24]} Bg7 {[%emt 0:00:02]} 4. Nc3 {[%emt 0:00:54]} O-O {[%emt 0:00:03]} 5. e4 {[%emt 0:00:23]} d6 {[%emt 0:00:02]} 6. Be2 {[%emt 0:00:30]} e5 {[%emt 0:00:15]} 7. d5 {[%emt 0:00:16]} a5 {[%emt 0:00:10]} 8. O-O {[%emt 0:00:54]} Nbd7 {[%emt 0:00:18]} 9. b3 {[%emt 0:09:10]} Nc5 {[%emt 0:00:47]} 10. Qc2 {[%emt 0:00:29]} Nh5 {[%emt 0:01:39]} 11. Be3 {[%emt 0:12:41]} Nf4 {[%emt 0:01:03]} 12. a3 {[%emt 0:09:17]} f5 {[%emt 0:00:32]} 13. b4 {[%emt 0:04:39]} axb4 {[%emt 0:02:01]} 14. axb4 {[%emt 0:04:38]} Rxa1 {[%emt 0:00:02]} 15. Rxa1 {[%emt 0:00:02]} Nxe4 {[%emt 0:01:13]} 16. Nxe4 {[%emt 0:05:58]} fxe4 {[%emt 0:00:30]} 17. Ne1 {[%emt 0:00:17]} Bf5 {[%emt 0:01:46]} 18. Ra7 {[%emt 0:03:59]} b6 {[%emt 0:01:28]} 19. Bf1 {[%emt 0:02:48]} Qb8 {[%emt 0:02:46]} 20. Ra3 {[%emt 0:03:54]} Kh8 {[%emt 0:01:49]} 21. g3 {[%emt 0:02:22]} Nh5 {[%emt 0:02:35]} 22. h3 {[%emt 0:06:46]} Nf6 {[%emt 0:00:38]} 23. g4 {[%emt 0:00:18]} Bd7 {[%emt 0:00:19]} 24. Bg2 {[%emt 0:04:36]} Qc8 {[%emt 0:01:01]} 25. Bxe4 {[%emt 0:02:45]} Nxe4 {[%emt 0:00:02]} 26. Qxe4 {[%emt 0:00:15]} c6 {[%emt 0:05:40]} 27. Nd3 {[%emt 0:08:44]} cxd5 {[%emt 0:01:12]} 28. cxd5 {[%emt 0:01:11]} Qc2 {[%emt 0:04:37]} 29. Bxb6 {[%emt 0:06:12]} Bb5 {[%emt 0:00:39]} 30. Kg2 {[%emt 0:01:24]} Qd1 {[%emt 0:02:05]} 31. Bc7 {[%emt 0:04:02]} Qd2 {[%emt 0:03:15]} 32. Qe3 {[%emt 0:00:27]} Qc2 {[%emt 0:03:18]} 33. Bxd6 {[%emt 0:00:45]} Re8 {[%emt 0:03:53]} 34. Bxe5 {[%emt 0:02:46]} Kg8 {[%emt 0:00:01]} 35. Rc3 {[%emt 0:01:32]} Qa2 {[%emt 0:01:43]} 36. Qd4 {[%emt 0:00:21]} Bxd3 {[%emt 0:02:27]} 37. Bxg7 {[%emt 0:00:14]} Be4+ {[%emt 0:00:36]} 38. Kg3 {[%emt 0:00:43]} Qa6 {[%emt 0:11:12]} 39. Bh6 {[%emt 0:00:37]} Qd6+ {[%emt 0:00:42]} 40. Bf4 {[%emt 0:00:00]} Qe7 {[%emt 0:00:00]} 41. Rc7 {[%emt 0:04:14]} Qf8 {[%emt 0:01:26]} 42. d6 {[%emt 0:02:07]} g5 {[%emt 0:01:00]} 43. Qc4+ {[%emt 0:04:52]} Kh8 {[%emt 0:00:36]} 44. Qd4+ {[%emt 0:01:05]} Kg8 {[%emt 0:00:01]} 45. Bxg5 {[%emt 0:00:48]} Re6 {[%emt 0:01:49]} 46. d7 {[%emt 0:02:52]} Qf3+ {[%emt 0:02:23]} 47. Kh4 {[%emt 0:00:09]} 1-0

[Event "21st Sants Open 2019"]
[Site "Cotxeres de Sants"]
[Date "2019.08.24"]
[Round "2.18"]
[White "Tortosa Moros, Joan"]
[Black "Gomez de Argila, Lluis"]
[Result "1/2-1/2"]
[WhiteElo "1640"]
[BlackElo "1503"]
[Annotator "NA"]
[PlyCount "89"]
[EventDate "2019.08.22"]
[EventType "swiss"]
[EventCountry "ESP"]
[SourceTitle "playchess.com"]
[Source "ChessBase"]
[SourceQuality "1"]
[TimeControl "40/5400+30:1800+30"]

1. e4 {[%emt 0:01:05]} c6 {[%emt 0:00:00]} 2. Nf3 {[%emt 0:00:20]} d5 {[%emt 0:00:13]} 3. Nc3 {[%emt 0:00:23]} Bg4 {[%emt 0:00:39]} 4. exd5 {[%emt 0:00:35]} cxd5 {[%emt 0:00:23]} 5. Be2 {[%emt 0:02:06]} Nf6 {[%emt 0:00:38]} 6. h3 {[%emt 0:00:36]} Bh5 {[%emt 0:00:37]} 7. Ne5 {[%emt 0:02:09]} Bxe2 {[%emt 0:00:45]} 8. Qxe2 {[%emt 0:00:07]} a6 {[%emt 0:02:10]} 9. d4 {[%emt 0:05:07]} Nc6 {[%emt 0:02:47]} 10. Nxc6 {[%emt 0:02:48]} bxc6 {[%emt 0:00:08]} 11. O-O {[%emt 0:00:23]} e6 {[%emt 0:00:19]} 12. Qd3 {[%emt 0:05:19]} Be7 {[%emt 0:04:52]} 13. Re1 {[%emt 0:03:09]} O-O {[%emt 0:00:09]} 14. Bf4 {[%emt 0:04:32]} c5 {[%emt 0:01:06]} 15. dxc5 {[%emt 0:02:25]} Bxc5 {[%emt 0:00:21]} 16. Re2 {[%emt 0:06:11]} Bd6 {[%emt 0:07:14]} 17. Bg5 {[%emt 0:05:46]} h6 {[%emt 0:00:53]} 18. Bh4 {[%emt 0:01:08]} g5 {[%emt 0:00:34]} 19. Bg3 {[%emt 0:00:47]} Bxg3 {[%emt 0:00:34]} 20. Qxg3 {[%emt 0:00:24]} Kh7 {[%emt 0:02:56]} 21. Qd3+ {[%emt 0:01:59]} Kg8 {[%emt 0:00:17]} 22. Qd4 {[%emt 0:05:06]} Re8 {[%emt 0:03:16]} 23. Re3 {[%emt 0:04:07]} a5 {[%emt 0:00:58]} 24. Rae1 {[%emt 0:00:59]} Rb8 {[%emt 0:03:26]} 25. Rf3 {[%emt 0:02:49]} Kg7 {[%emt 0:01:22]} 26. Rg3 {[%emt 0:03:23]} Rxb2 {[%emt 0:02:47]} 27. Qe5 {[%emt 0:11:46]} Qb8 {[%emt 0:02:58]} 28. Qe2 {[%emt 0:03:27]} Rb4 {[%emt 0:06:12]} 29. Rf3 {[%emt 0:03:25]} Ne4 {[%emt 0:03:03]} 30. Qd1 {[%emt 0:07:08]} Nxc3 {[%emt 0:02:03]} 31. Rxc3 {[%emt 0:00:09]} Qb6 {[%emt 0:04:49]} 32. Qa1 {[%emt 0:01:16]} f6 {[%emt 0:02:01]} 33. Rf3 {[%emt 0:00:48]} e5 {[%emt 0:00:15]} 34. Rb3 {[%emt 0:02:17]} d4 {[%emt 0:01:52]} 35. Rxb4 {[%emt 0:00:31]} axb4 {[%emt 0:00:36]} 36. Rb1 {[%emt 0:00:24]} Ra8 {[%emt 0:03:54]} 37. a3 {[%emt 0:04:58]} Qc5 {[%emt 0:01:02]} 38. a4 {[%emt 0:01:39]} Qxc2 {[%emt 0:01:00]} 39. Rxb4 {[%emt 0:00:25]} d3 {[%emt 0:00:43]} 40. Rb7+ {[%emt 0:00:00]} Kg6 {[%emt 0:00:00]} 41. Qb1 {[%emt 0:18:33]} Rxa4 {[%emt 0:01:30]} 42. Qb5 {[%emt 0:09:44]} d2 43. Qe8+ {[%emt 0:04:31]} Kf5 {[%emt 0:01:32]} 44. Qd7+ {[%emt 0:00:56]} Kg6 {[%emt 0:04:13]} 45. Qh7+ {Kf5} 1/2-1/2

[Event "21st Sants Open 2019"]
[Site "Cotxeres de Sants"]
[Date "2019.08.24"]
[Round "2.19"]
[White "Trenchs Lopez, Christian"]
[Black "Salvador Gomez, Jesus Francisco"]
[Result "0-1"]
[WhiteElo "1499"]
[BlackElo "1639"]
[Annotator "NA"]
[PlyCount "124"]
[EventDate "2019.08.22"]
[EventType "swiss"]
[EventCountry "ESP"]
[SourceTitle "playchess.com"]
[Source "ChessBase"]
[SourceQuality "1"]
[TimeControl "40/5400+30:1800+30"]

1. e4 {[%emt 0:00:00]} e6 {[%emt 0:00:02]} 2. d3 {[%emt 0:00:04]} d5 {[%emt 0:01:01]} 3. Nd2 {[%emt 0:00:29]} a6 {[%emt 0:01:15]} 4. Ngf3 {[%emt 0:00:45]} Nd7 {[%emt 0:00:41]} 5. g3 {[%emt 0:00:40]} Be7 {[%emt 0:02:12]} 6. Bg2 {[%emt 0:00:49]} Bf6 {[%emt 0:00:41]} 7. O-O {[%emt 0:00:33]} c6 {[%emt 0:00:31]} 8. Re1 {[%emt 0:00:43]} Qc7 {[%emt 0:00:56]} 9. c3 {[%emt 0:01:14]} g6 {[%emt 0:00:58]} 10. Nf1 {[%emt 0:01:23]} Ne7 {[%emt 0:00:44]} 11. Bh6 {[%emt 0:06:37]} Ng8 {[%emt 0:01:34]} 12. Bc1 {[%emt 0:08:23]} h6 {[%emt 0:01:32]} 13. Qe2 {[%emt 0:00:39]} Ne7 {[%emt 0:00:24]} 14. Ne3 {[%emt 0:04:58]} O-O {[%emt 0:00:10]} 15. Ng4 {[%emt 0:00:14]} h5 {[%emt 0:01:23]} 16. Nxf6+ {[%emt 0:01:18]} Nxf6 {[%emt 0:00:03]} 17. e5 {[%emt 0:01:45]} Nh7 {[%emt 0:01:14]} 18. h4 {[%emt 0:04:58]} Nf5 {[%emt 0:01:24]} 19. d4 {[%emt 0:06:44]} c5 {[%emt 0:01:19]} 20. Bd2 {[%emt 0:02:41]} b5 {[%emt 0:00:52]} 21. Rac1 {[%emt 0:00:31]} Bb7 {[%emt 0:00:30]} 22. Rc2 {[%emt 0:02:16]} Rac8 {[%emt 0:00:07]} 23. Rec1 {[%emt 0:00:34]} Qb6 {[%emt 0:01:03]} 24. Be3 {[%emt 0:04:31]} c4 {[%emt 0:00:42]} 25. Bd2 {[%emt 0:00:38]} a5 {[%emt 0:00:04]} 26. Be1 {[%emt 0:00:21]} Ba6 {[%emt 0:00:33]} 27. Nh2 {[%emt 0:00:37]} b4 {[%emt 0:00:17]} 28. f3 {[%emt 0:00:28]} b3 {[%emt 0:00:22]} 29. Rd2 {[%emt 0:00:52]} bxa2 {[%emt 0:02:13]} 30. g4 {[%emt 0:04:14]} Ng7 {[%emt 0:04:19]} 31. Ra1 {[%emt 0:03:19]} Rb8 {[%emt 0:01:49]} 32. Rxa2 {[%emt 0:01:41]} Qc7 {[%emt 0:00:17]} 33. f4 {[%emt 0:04:56]} Rb5 {[%emt 0:01:12]} 34. Bf3 {[%emt 0:00:30]} hxg4 {[%emt 0:01:04]} 35. Nxg4 {[%emt 0:00:31]} Nh5 {[%emt 0:00:56]} 36. Nh6+ {[%emt 0:00:33]} Kg7 {[%emt 0:00:36]} 37. Bxh5 {[%emt 0:00:55]} Kxh6 {[%emt 0:00:23]} 38. Bf3 {[%emt 0:05:29]} Rg8 {[%emt 0:03:05]} 39. Bf2 {[%emt 0:00:43]} Qe7 {[%emt 0:01:46]} 40. Qe1 {[%emt 0:00:00]} f6 {[%emt 0:00:00]} 41. Be3 {[%emt 0:06:22]} f5 {[%emt 0:01:56]} 42. Bf2 {[%emt 0:01:07]} Bb7 {[%emt 0:00:26]} 43. Kf1 {[%emt 0:00:45]} Bc6 {[%emt 0:00:34]} 44. Ke2 {[%emt 0:00:20]} Rgb8 {[%emt 0:01:00]} 45. Qh1 {[%emt 0:00:46]} Be8 {[%emt 0:00:28]} 46. Ke3 {[%emt 0:01:22]} a4 {[%emt 0:04:38]} 47. Qa1 {[%emt 0:02:02]} Ra5 {[%emt 0:00:45]} 48. Bg3 {[%emt 0:01:19]} Rba8 {[%emt 0:00:32]} 49. Rh2 {[%emt 0:02:23]} a3 {[%emt 0:02:06]} 50. Qh1 {[%emt 0:01:47]} axb2 {[%emt 0:02:02]} 51. h5 {[%emt 0:04:28]} g5 {[%emt 0:00:11]} 52. Raxb2 {[%emt 0:02:29]} Qa3 {[%emt 0:00:33]} 53. Rhc2 {[%emt 0:01:39]} g4 {[%emt 0:00:22]} 54. Bd1 {[%emt 0:04:10]} Qa1 {[%emt 0:01:12]} 55. Qe1 {[%emt 0:06:14]} Ra2 {[%emt 0:03:33]} 56. Qd2 {[%emt 0:00:32]} Rxb2 {[%emt 0:00:27]} 57. Rxb2 {[%emt 0:00:35]} Ra3 {[%emt 0:00:38]} 58. Bxg4 {[%emt 0:01:30]} Qg1+ {[%emt 0:01:03]} 59. Kf3 {[%emt 0:01:27]} fxg4+ {[%emt 0:00:38]} 60. Kxg4 {[%emt 0:00:49]} Bxh5+ {[%emt 0:00:29]} 61. Kh4 {[%emt 0:04:27]} Qd1 {[%emt 0:01:21]} 62. Qe3 {[%emt 0:02:20]} Qg4# 0-1

[Event "21st Sants Open 2019"]
[Site "Cotxeres de Sants"]
[Date "2019.08.24"]
[Round "2.20"]
[White "Moreby, Kurt"]
[Black "Rodoreda Pares, Marc"]
[Result "1/2-1/2"]
[WhiteElo "1638"]
[BlackElo "1493"]
[Annotator "NA"]
[PlyCount "44"]
[EventDate "2019.08.22"]
[EventType "swiss"]
[EventCountry "ESP"]
[SourceTitle "playchess.com"]
[Source "ChessBase"]
[SourceQuality "1"]
[TimeControl "40/5400+30:1800+30"]

1. d4 {[%emt 0:00:00]} d5 {[%emt 0:00:00]} 2. e3 {[%emt 0:00:00]} e6 {[%emt 0:00:14]} 3. Nf3 {[%emt 0:00:00]} Nf6 {[%emt 0:00:43]} 4. Bd3 {[%emt 0:00:10]} c5 {[%emt 0:02:42]} 5. b3 {[%emt 0:02:33]} Nc6 {[%emt 0:02:19]} 6. O-O {[%emt 0:00:08]} cxd4 {[%emt 0:03:19]} 7. exd4 {[%emt 0:03:20]} Bd6 {[%emt 0:00:48]} 8. Re1 {[%emt 0:01:05]} O-O {[%emt 0:07:37]} 9. Bb2 {[%emt 0:03:28]} a5 {[%emt 0:02:40]} 10. Nbd2 {[%emt 0:00:46]} a4 {[%emt 0:04:50]} 11. a3 {[%emt 0:00:12]} axb3 {[%emt 0:03:49]} 12. cxb3 {[%emt 0:01:58]} b6 {[%emt 0:03:39]} 13. b4 {[%emt 0:05:46]} Bd7 {[%emt 0:06:21]} 14. Rc1 {[%emt 0:03:13]} Na7 {[%emt 0:02:48]} 15. Qe2 {[%emt 0:04:57]} Rc8 16. Ne5 {[%emt 0:00:23]} Rxc1 {[%emt 0:03:49]} 17. Rxc1 {[%emt 0:04:38]} Qe7 {[%emt 0:11:57]} 18. Ndf3 {[%emt 0:06:12]} Rc8 {[%emt 0:03:28]} 19. Ng5 {[%emt 0:00:13]} Rxc1+ {[%emt 0:00:45]} 20. Bxc1 {[%emt 0:01:19]} Be8 {[%emt 0:07:40]} 21. Qc2 {[%emt 0:08:56]} h6 {[%emt 0:06:00]} 22. Ngf3 Qc7 1/2-1/2

[Event "21st Sants Open 2019"]
[Site "Cotxeres de Sants"]
[Date "2019.08.25"]
[Round "3.1"]
[White "Bauer, Christian"]
[Black "Panelo, Marcelo"]
[Result "1-0"]
[WhiteElo "2626"]
[BlackElo "2378"]
[Annotator "TA"]
[PlyCount "71"]
[EventDate "2019.08.22"]
[EventType "swiss"]
[EventCountry "ESP"]
[SourceTitle "playchess.com"]
[Source "ChessBase"]
[SourceQuality "1"]

{[%evp 9,71,5,24,24,19,4,16,10,25,11,10,0,21,23,12,20,29,29,45,37,55,35,30,0,0,0,0,0,0,-4,-14,-10,-9,-8,0,-6,0,0,14,20,0,0,0,0,53,61,33,-45,0,-27,0,0,0,0,0,0,801,783,2606,2300,29984,29985,29982,29982]} 1. Nc3 d5 2. Nf3 d4 (2... Nf6 3. d4 e6 4. Bf4 a6 5. e3 c5 6. Bd3 cxd4 7. exd4 Nc6 8. O-O Be7 9. Ne2 Nb4 10. c3 Nxd3 11. Qxd3 O-O 12. Ne5 {½-½ (39) Mamedyarov,S (2801)-Giri,A (2782) chess.com INT 2018}) 3. Ne4 Nf6 4. Nxf6+ exf6 5. c3 $146 ({Predecessor:} 5. e3 dxe3 6. fxe3 Bf5 7. Nd4 Bd7 8. Bc4 Nc6 9. Nxc6 Bxc6 10. Qh5 {0-1 (20) Digiglio,R (791)-Zabransky,F (1769) LSS email 2014}) 5... dxc3 6. bxc3 {A00: Irregular Openings} Bd6 7. d4 O-O 8. e3 {The position is equal.} c5 9. Bd3 Nc6 {[%cal Bb8c6,Bc6b4,Bb4a2][%mdl 32]} 10. O-O Bg4 11. h3 Bh5 12. Rb1 cxd4 13. cxd4 Nb4 14. Bf5 g6 15. Bd2 a5 16. Bg4 Bxg4 17. hxg4 Nxa2 18. Rxb7 Qc8 19. Rb6 Qc7 20. Rb2 Nb4 21. e4 Rfe8 22. Qb1 Qd7 23. g5 Qg4 24. Re1 fxg5 25. Bxg5 Rac8 26. Bd2 Rc4 ({Black should try} 26... Rc7 $11) 27. e5 $36 {[%mdl 2048] White is pushing.} Bf8 28. Be3 (28. e6 $14 Rxe6 29. Ne5 {[%mdl 64] Double Attack} Qxd4 30. Nxc4 Qxc4 31. Qd1) 28... Nd5 29. Qa2 Rec8 30. Bd2 Bb4 {[#] ...Bxd2 is the strong threat.} 31. e6 $1 {[%cal Re6f7][%mdl 512]} Bxd2 (31... fxe6 32. Ne5) 32. exf7+ (32. Rxd2 {[#]} Nf4 $1 $17 {[%mdl 512]}) 32... Kxf7 $2 {[%mdl 8192]} (32... Kg7 $11 33. f8=B+ {[%mdl 64] Deflection} (33. Nxd2 Rc1 $17) 33... Rxf8 34. Qxc4 Nf4 35. Re7+ Kh6) 33. Ne5+ $18 ({Not} 33. Nxd2 Nf4 $11) ({Less strong is} 33. Rxd2 Kg7 $16) 33... Kg7 34. Rb7+ Kh8 35. Nxg4 Bxe1 36. Qe2 {Accuracy: White = 78%, Black = 40%.} 1-0

[Event "21st Sants Open 2019"]
[Site "Cotxeres de Sants"]
[Date "2019.08.25"]
[Round "3.2"]
[White "Horton, Andrew P"]
[Black "Vaibhav, Suri"]
[Result "1/2-1/2"]
[WhiteElo "2382"]
[BlackElo "2591"]
[Annotator "ChessBase"]
[PlyCount "142"]
[EventDate "2019.08.22"]
[EventType "swiss"]
[EventCountry "ESP"]
[SourceTitle "playchess.com"]
[Source "ChessBase"]
[SourceQuality "1"]
[TimeControl "40/5400+30:1800+30"]

1. Nf3 {[%emt 0:00:00]} Nf6 {[%emt 0:00:08]} 2. c4 {[%emt 0:00:00]} e6 {[%emt 0:00:14]} 3. g3 {[%emt 0:00:00]} d5 {[%emt 0:00:07]} 4. Bg2 {[%emt 0:00:05]} Be7 {[%emt 0:00:06]} 5. O-O {[%emt 0:00:10]} O-O {[%emt 0:00:05]} 6. b3 {[%emt 0:00:23]} d4 {[%emt 0:01:44]} 7. e3 {[%emt 0:01:30]} c5 {[%emt 0:00:06]} 8. Bb2 {[%emt 0:00:33]} Nc6 {[%emt 0:00:29]} 9. exd4 {[%emt 0:00:11]} cxd4 {[%emt 0:00:06]} 10. Re1 {[%emt 0:00:06]} Re8 {[%emt 0:00:21]} 11. d3 {[%emt 0:03:46]} Bc5 {[%emt 0:00:19]} 12. Ne5 {[%emt 0:02:50]} Nxe5 {[%emt 0:00:10]} 13. Rxe5 {[%emt 0:00:02]} Qd6 {[%emt 0:00:10]} 14. Re1 {[%emt 0:05:44]} e5 {[%emt 0:07:57]} 15. a3 {[%emt 0:13:13]} Bg4 {[%emt 0:24:16]} 16. Bf3 {[%emt 0:23:11]} Bxf3 {[%emt 0:05:32]} 17. Qxf3 {[%emt 0:00:03]} a5 {[%emt 0:00:13]} 18. Bc1 {[%emt 0:07:53]} Rab8 {[%emt 0:14:32]} 19. Nd2 {[%emt 0:04:22]} Re6 {[%emt 0:11:13]} 20. Ra2 {[%emt 0:06:31]} h6 {[%emt 0:00:38]} 21. Ne4 {[%emt 0:11:49]} Nxe4 {[%emt 0:01:55]} 22. Qxe4 {[%emt 0:00:02]} b5 {[%emt 0:01:17]} 23. Bd2 {[%emt 0:03:42]} bxc4 {[%emt 0:04:34]} 24. bxc4 {[%emt 0:00:01]} a4 {[%emt 0:00:21]} 25. Bb4 {[%emt 0:01:36]} Bxb4 {[%emt 0:13:54]} 26. axb4 {[%emt 0:00:02]} Rxb4 {[%emt 0:00:51]} 27. Qa8+ {[%emt 0:00:31]} Qf8 {[%emt 0:01:01]} 28. Rxa4 {[%emt 0:01:11]} Qxa8 {[%emt 0:00:09]} 29. Rxa8+ {[%emt 0:00:02]} Kh7 {[%emt 0:00:00]} 30. Ra5 {[%emt 0:03:33]} f6 {[%emt 0:01:06]} 31. Ra2 {[%emt 0:08:30]} Rb3 {[%emt 0:00:29]} 32. Rd1 {[%emt 0:00:11]} Kg6 {[%emt 0:01:50]} 33. Rc2 {[%emt 0:00:50]} Kf5 {[%emt 0:00:29]} 34. Kf1 {[%emt 0:00:57]} g5 {[%emt 0:05:26]} 35. h3 {[%emt 0:00:14]} h5 {[%emt 0:00:03]} 36. Ra2 {[%emt 0:00:48]} Reb6 {[%emt 0:00:47]} 37. Rc2 {[%emt 0:00:31]} Ra6 {[%emt 0:00:46]} 38. Ke2 {[%emt 0:00:42]} Raa3 {[%emt 0:00:41]} 39. Rcd2 {[%emt 0:01:17]} Ra4 {[%emt 0:04:33]} 40. Rc1 {[%emt 0:00:00]} Raa3 {[%emt 0:00:00]} 41. Rcd1 {[%emt 0:02:14]} g4 {[%emt 0:10:23]} 42. hxg4+ {[%emt 0:01:10]} hxg4 {[%emt 0:00:01]} 43. Ke1 {[%emt 0:13:11]} Kg5 {[%emt 0:05:18]} 44. Kf1 {[%emt 0:03:22]} Kg6 {[%emt 0:06:03]} 45. Kg2 {[%emt 0:05:27]} Kf5 {[%emt 0:00:05]} 46. Kf1 {[%emt 0:00:24]} Ke6 {[%emt 0:01:55]} 47. Ke2 {[%emt 0:01:33]} f5 {[%emt 0:00:53]} 48. Kf1 {[%emt 0:01:57]} Kf6 {[%emt 0:04:52]} 49. Kg2 {[%emt 0:00:45]} Ke6 {[%emt 0:02:31]} 50. Kf1 {[%emt 0:00:43]} Kd6 {[%emt 0:00:25]} 51. Kg2 {[%emt 0:03:28]} f4 {[%emt 0:02:47]} 52. gxf4 {[%emt 0:00:08]} exf4 {[%emt 0:00:01]} 53. Kh2 {[%emt 0:03:41]} Rb8 {[%emt 0:00:18]} 54. Re1 {[%emt 0:00:48]} Rh8+ {[%emt 0:00:01]} 55. Kg2 {[%emt 0:00:21]} Rh3 {[%emt 0:00:50]} 56. Rb2 {[%emt 0:01:14]} Raxd3 {[%emt 0:01:33]} 57. Rb5 {[%emt 0:00:18]} f3+ {[%emt 0:00:37]} 58. Kg1 {[%emt 0:00:03]} Rh7 {[%emt 0:00:38]} 59. Ra1 {[%emt 0:00:29]} Rc7 {[%emt 0:00:57]} 60. Ra6+ {[%emt 0:01:01]} Rc6 {[%emt 0:00:25]} 61. Rd5+ {[%emt 0:00:27]} Kc7 {[%emt 0:00:00]} 62. Rxc6+ {[%emt 0:00:33]} Kxc6 {[%emt 0:00:01]} 63. Kh2 {[%emt 0:00:01]} Rd1 {[%emt 0:01:28]} 64. Kg3 {[%emt 0:00:03]} Rg1+ {[%emt 0:00:36]} 65. Kf4 {[%emt 0:00:03]} d3 {[%emt 0:00:06]} 66. Rxd3 Kc5 67. Rd8 {[%emt 0:00:44]} Rg2 {[%emt 0:00:59]} 68. Rg8 {[%emt 0:01:18]} Rxf2 {[%emt 0:00:01]} 69. Rxg4 {[%emt 0:00:06]} Rg2 {[%emt 0:00:01]} 70. Kxf3 {[%emt 0:00:09]} Rxg4 {[%emt 0:00:02]} 71. Kxg4 {[%emt 0:00:08]} Kxc4 {[%emt 0:00:01]} 1/2-1/2